[Event "Gibraltar Masters 12th"]
[Site "Caleta"]
[Date "2014.01.31"]
[Round "4"]
[White "Houska, Jovanka"]
[Black "Mekhitarian, Krikor Sevag"]
[Result "0-1"]
[WhiteElo "2415"]
[BlackElo "2566"]
[Annotator "Mekhitarian,K"]
[PlyCount "108"]
[EventDate "2014.01.28"]
[EventType "swiss"]
[EventRounds "10"]
[EventCountry "GGB"]
[SourceTitle "CBM 159"]
[Source "ChessBase"]
[SourceDate "2014.03.17"]
[SourceVersion "1"]
[SourceVersionDate "2014.03.17"]
[SourceQuality "1"]

1. d4 Nf6 2. c4 e6 3. Nf3 b6 4. g3 Ba6 5. b3 Bb4+ 6. Bd2 Be7 7. Nc3 $5 {
White wants to play e4, or else play a quick 8.cxd5 (against 7...d5, as in the
game), to force this classical structure:} d5 8. cxd5 exd5 9. Bg2 {This is a
kind of position which produces a great battle - many pieces, potential
central tension (if Black plays c5), and different possible approaches, for
both sides.} O-O 10. O-O {Now Black will retreat the B to b7 to have a better
control of c6, and then could play with either Na6/Nbd7, and a quick c5. A
less usual plan is c6 now, and Nfd7 when Ne5. I chose a flexible move, which
is almost always useful.} Re8 11. Rc1 Bb7 12. Bf4 Na6 13. Ne5 h6 {Another
useful move. Black could play g5 at some point harassing the f4-B.} 14. Qd2 (
14. Nb5 Bf8 {seen in a couple of recent top games} 15. Bh3 (15. Nc6 $2 Qd7 $1
16. Nbxa7 Rxa7 17. Nxa7 Ra8 $17 {0-1 (52) Onischuk,A (2670)-Alekseev,E (2708)
Biel 2008}) 15... c5 16. a3 Ne4 $13 {0-1 (32) Meier,G (2656)-Kramnik,V (2781)
Dortmund 2011. Once again, a kind of position I mentioned before. Many
possibilities in each move, demanding good energy and precision.}) 14... Ba3 $1
{Since Rc2 is not possible because of Nb4 right away.} 15. Rb1 Bf8 16. Rfd1 c6
$5 {Without the pressure along the c-file, I thought it was interesting to
hold c5 for a while, and bring my N immediately to e6.} 17. Qb2 Nc7 18. b4 Ne6
19. Rbc1 (19. b5 $5 {was a decent alternative for White. I was mostly thinking
about} cxb5 20. Qxb5 Rc8 21. Qb3 Nxf4 (21... Ne4 $5 {apparently is also
possible, probably better than my idea}) 22. gxf4 $14 {and I couldn't evaluate
precisely what's going on. I have the B pair, a potentially decent endgame,
with the Q-side majority, but White's N on e5 sets the tone for the entire
game. also, d5 P is under some pressure. After all, White could be pressing
here. With moves like e3, Rbc1, and possibly fighting for the c-file.}) 19...
Rc8 20. Be3 Bd6 $1 {Creating some pressure on e5, and also preparing things
like Qe7 (hittting b4) and Nxd4 next.} 21. b5 $2 (21. f4 $5 {was a possible
way to strengthen White's N. The position remains very complex:} Qe7 22. a3 Nc7
$5 $13 {with the idea of Nb5-Bb8-Nd6, trying to reach e4.}) 21... c5 $1 {
And suddenly White has to solve many problems at once.} 22. Nc6 (22. Nc4 {
was the only way to try and justify White's previous move. In any case, it
doesn't work:} Bxg3 $1 {a tactical blow I did not see during the game} (22...
cxd4 $2 {was my initial idea, at least equalising} 23. Nxd6 Qxd6 24. Bxd4 Nxd4
25. Rxd4 Qe5 26. e3 Rc5 $11 {and the good activity on the c-file compensates
for the weak, isolated P on d5}) 23. hxg3 cxd4 24. Bxd4 ({the piece sacrifice
doesn't work as well:} 24. Nxd5 Bxd5 25. Bxd4 Bxc4 26. Bb7 Nd5 $1 27. Bxc8 Qxc8
$19 {Nef4 coming}) 24... Rxc4 25. Bxf6 Qxf6 26. Bxd5 $2 Bxd5 27. Rxd5 Rec8 28.
Rd3 Nc5 29. Rf3 Na4 $1 $19) (22. Nf3 Ng4 $17) 22... Bxc6 23. bxc6 cxd4 24. Bxd4
Nxd4 25. Rxd4 Be5 26. Rd3 Rxc6 27. e3 (27. f4 {wouldn't change much:} Bxc3 28.
Rdxc3 Rxc3 29. Rxc3 Qd6 $17) 27... Qc8 28. f4 Bxc3 29. Rdxc3 Rxc3 (29... Rc5 $5
{was another way to play the endgame. I wasn't so sure about weakening my
Q-side structure} 30. Rxc5 bxc5 $17) 30. Rxc3 Qe6 {Besides being a P down,
White's K is also slightly vulnerable. The position should be already
technically lost. A possible plan for Black is just to expand the Q-side,
while trying to create small threats against the exposed white K.} 31. Rd3 Rc8
32. h3 Ne4 {Forcing a further weakness.} (32... Rc5 $5 {followed by Qc6 was
also very good.}) 33. g4 (33. Kh2 $2 Nxg3 $1 $19) 33... Nc5 {An oversight, but
after all I have good chances in the subsequent endgame.} 34. Bxd5 {I forgot
that my c8-R is hanging after 34...Nxd3 35.Bxe6, oops!} Nxd3 (34... Qe7 {
perhaps was stronger, keeping great attacking possibilities after:} 35. Rc3 Rd8
36. Qg2 g5 $40 {something hard to imagine!} 37. fxg5 $2 Qe5 $1 $19) 35. Bxe6
Nxb2 36. Bxc8 Nd1 {When choosing 34...Nxd3, I thought the endgame was enough
for a win, after exchanging one of the Q-side Ps, distracting White's K, and
trying to collect the K-side white Ps. Of course, this was only a general
assessment.} 37. Kg2 Nxe3+ 38. Kf3 Nd5 39. a4 (39. Ba6 {was better, but either
way it looks good for Black:} Nc3 40. Bc4 b5 41. Bd3 (41. Bb3 $2 a5 $19) 41...
Kf8 $1 (41... b4 {rushing things could backfire:} 42. Bc4 a5 43. Ke3 h5 $5 (
43... a4 $2 44. Kd4 Nxa2 45. Bxa2 b3 46. Bxb3 axb3 47. Kc3 $11 {and White
comes back in time}) 44. Kd4 $1 (44. gxh5 $2 a4 {now it works!} 45. Kd4 Nxa2
46. Bxa2 b3 47. Bxb3 axb3 48. Kc3 Kh7 49. Kxb3 Kh6 $19) 44... h4 45. a3 Kf8 46.
axb4 axb4 47. Kc5 {it seems White is not losing anymore} b3 48. Bxb3 Ne2 49.
Bc4 Nxf4 50. Bf1 $11) 42. Ke3 Nxa2 43. Bxb5 Nc3 44. Bc4 Ke7 45. Kd4 Na4 46. Bb3
Nb6 {It feels like winning, because Black will play Nd7 followed by a5, and
then try to go for Nb6/Nc5-a4-a3, or Nf8-Ne6 attacking the K-side Ps. f6-Kd6
would be also part of the position's improvement.} 47. g5 Nd7 $1 48. h4 a5 49.
Bc2 Kd6 50. Bb3 f6 51. Bc2 Nb6 52. Bd1 a4 53. Bc2 a3 54. Bb3 Nd7 55. Bg8 Nc5
56. gxh6 gxh6 57. Ba2 Ne6+ 58. Ke3 f5 $1 $19 {Ng7-Nh5 and the further invasion
of the black K into the Q-side will be decisive.}) 39... Kf8 40. Ba6 $2 {
In the last move before the time control, White ceases all resistance.} Nc3 $19
41. a5 (41. Bb5 {would be the best chance, in my opinion. The P endgame is
lost, but Black has to be careful:} Nxb5 42. axb5 Ke7 43. Ke4 Kd6 44. Kd4 g5 $1
(44... Kc7 $2 {spoiling everything in a study-like manner} 45. g5 $1 Kb7 46. h4
a5 47. bxa6+ Kxa6 48. h5 $1 b5 49. g6 $1 f6 {is the only way Black could play
on} (49... f5 50. Ke5 b4 51. Ke6 b3 52. Kf7 b2 53. Kxg7 b1=Q 54. Kh7 $3 (54.
Kh8 $2 Qb8+ 55. Kh7 Qxf4 56. g7 Qg5 57. g8=Q Qxg8+ 58. Kxg8 f4 59. Kg7 f3 60.
Kxh6 f2 61. Kg7 f1=Q $19)) 50. Kd5 b4 51. Ke6 b3 52. Kf7 b2 53. Kxg7 b1=Q 54.
Kh8 $3 Qb8+ 55. Kh7 Qxf4 56. g7 Qf5+ (56... Qg5 $2 57. g8=Q Qxg8+ 58. Kxg8 f5
59. Kg7 f4 60. Kxh6 f3 61. Kg7 f2 62. h6 f1=Q 63. h7 $11) 57. Kh8 Qxh5 58. g8=Q
{and the work starts all over again} Qe5 $17) 45. Ke4 (45. f5 $2 f6 $19 {
winning easily}) 45... Kc5 46. fxg5 hxg5 47. Kf5 Kxb5 48. Kxg5 a5 49. h4 a4 50.
h5 a3 51. h6 a2 52. h7 a1=Q $19 {almost there!}) 41... bxa5 42. Ke3 Nd5+ 43.
Ke4 Nb4 44. Bb5 Ke7 45. g5 f6 46. gxh6 gxh6 47. h4 Na2 48. Bc4 Nc3+ 49. Kf5 {
Now Black wins by force.} (49. Kd4 {stops my a-P right away, but after Na4-b6,
Black wins easily} Na4 $19) 49... a4 50. Kg6 a3 51. Kxh6 a2 52. Bxa2 Nxa2 53.
Kg7 Nc3 54. h5 Ne4 {[%cal Ge4d6,Gd6f7] Right on time to f7!} 0-1

[Event "Bundesliga 0405"]
[Site "Germany"]
[Date "2005.03.12"]
[Round "12.2"]
[White "Van Wely, Loek"]
[Black "Hracek, Zbynek"]
[Result "0-1"]
[WhiteElo "2681"]
[BlackElo "2595"]
[Annotator "Meyer,CD/Hracek"]
[PlyCount "98"]
[EventDate "2004.11.12"]
[EventType "team-tourn"]
[EventRounds "15"]
[EventCountry "GER"]
[SourceTitle "CBM 106"]
[Source "ChessBase"]
[SourceDate "2005.06.06"]
[SourceVersion "1"]
[SourceVersionDate "2005.06.06"]
[SourceQuality "1"]
[WhiteTeam "Porz"]
[BlackTeam "Werder Bremen"]
[WhiteTeamCountry "GER"]
[BlackTeamCountry "GER"]

{DAS PRACHTROSS Zbynek Hracek, dessen Saison mit einem halben Punkt aus fünf
Partien katastrophal begonnen hatte, zeigte gegen Loek Van Wely eine ganz
überzeugende Partie. Am Ende der Saison steigerte sich der Tscheche auf 7,5
Punkte (aus 15) und bewies mit seinen 50% an vorderster Front einmal mehr, wie
wertvoll er für Werder ist.} 1. d4 {Finkel,A} Nf6 2. c4 e6 3. Nf3 b6 4. g3 Ba6
5. Qb3 Nc6 6. Nbd2 Na5 7. Qc3 d5 $6 {This is my novelty, which I already
prepared a few months ago. My move is actually not strong, but for this
important game I decided to surprise my opponent in "his" variation. Everybody
plays 7..c5.} 8. c5 $1 (8. b3 {Finkel,A} c5 9. dxc5 bxc5 10. e3 Be7 11. Bb2 Qb6
12. Bg2 O-O 13. Ne5 Rad8 $15 {Martinovic,S-Tosic,M/Pirot 2004}) (8. cxd5 {
Finkel,A} Nxd5 9. Qc2 c5 10. a3 Rc8 11. dxc5 Rxc5 12. Qd1 Rc8 $132 {Riazantsev,
A-Mchedlishvili,M/Dubai 2005}) 8... Be7 9. e3 $6 {Finkel,A: 'This move is an
inaccuracy after which black equalizes without any problems. Much better was'}
(9. b4 $1 $14 Nc4 {Finkel,A} 10. Nxc4 (10. a4 bxc5 11. dxc5 Nxd2 12. Nxd2 O-O)
10... Bxc4 (10... Ne4 11. Qc2 Bxc4 12. Ne5 Bb5 13. a4 Bd7 14. Bg2 $14) 11. Ne5
b5 12. Bg2 O-O 13. a4 $14 {with advantage.}) 9... Bxf1 10. Kxf1 Qd7 $1 11. a4
$6 {Again not the best, but after} ({I} 11. Kg2 $6 Nc6 12. Ne5 Ne4 13. Nxe4
Nxe5 14. cxb6 cxb6 15. dxe5 dxe4 16. Rd1 Qb7 {Black is okay.}) ({II Besser war
} 11. b4 $142 $5 {, z.B.} Qb5+ $5 (11... Ne4 $5) 12. Kg2 Nc6 13. a3 $5 O-O (
13... a5 $6 14. a4 $1 Qxb4 15. Qc2 b5 16. Ne1) 14. Rb1 bxc5 15. bxc5 Qa4 $13)
11... Nc6 12. Ne5 {This came instantly. I felt, that Black's position is very
promising. I' ve seen, that after a normal move I would have no problem, but
in the end I decided to sacrifice a pawn and to try an interesting position,
which in my opinion is slightly better for Black, at least more easily to
handle.} (12. b4 Ne4 $1 $36) 12... Nxe5 (12... Ne4 13. Nxd7 (13. Nxe4 Nxe5 $15
14. dxe5 $6 dxe4 $17) 13... Nxc3 14. Ne5 Nxe5 15. dxe5 Ne4 16. c6 $1 f6 17.
Nxe4 dxe4 $11) 13. dxe5 d4 $5 {Ein feines Bauernopfer, mit dem Hracek großen
Einfluß auf die weißen Felder sowie auf das prächtige Standfeld d5 erlangt.} (
13... Ne4 14. c6 Qc8 15. Nxe4 Qa6+ 16. Kg2 dxe4 17. Rd1 (17. Qd4 Rd8 18. Qxe4
Qa5 $44) 17... Qe2 18. Rd7 Rd8 19. a5 O-O 20. axb6 axb6 21. Ra7 Qf3+ 22. Kg1
Rxd7 23. cxd7 Qd1+ 24. Kg2 Qf3+ $11) 14. exd4 (14. Qxd4 $2 Qc6 15. Rg1 Bxc5)
14... Qc6 15. Qf3 Nd5 $44 16. Ne4 O-O (16... bxc5 $5 17. dxc5 O-O 18. Kg2 f6
19. exf6 Bxf6 20. Qe2 Bd4 21. f3 Rab8 22. Rd1 e5 23. Ra3 a5 24. Qd3 h6 $140 {
,Nf6 Black has excellent compensation, but probably not more.}) 17. b4 $6 {
Nun opfert Van Wely gar zwei Bauern, um die harmonische Aufstellung des
Gegners zu stören. Möglicherweise war er aber mit der Alternative} (17. Kg2 $5
{doch besser beraten, z.B.} f6 $1 18. b4 $5 (18. exf6 Bxf6 $36) 18... fxe5 (
18... Nxb4 $6 19. exf6 Nc2 (19... Bxf6 20. Nxf6+ gxf6 21. Rb1) 20. Qd3 Nxa1 21.
fxe7) 19. b5 Qb7 (19... Rxf3 $6 20. bxc6 Rd3 21. dxe5) 20. c6 Qc8 21. Qd1 exd4
22. Qxd4 Qe8 23. Bb2 Qg6 $15) 17... Nxb4 18. Ba3 Qxa4 $1 {Kaltblütig und stark!
} ({I} 18... Nd5 19. Kg2 f6 20. exf6 Bxf6 21. cxb6 Be7 22. Qe2 axb6 (22... Bxa3
23. b7 Qxb7 24. Rxa3 Rae8 $15) (22... Nc3 23. Rhc1 Qxe4+ 24. Qxe4 Nxe4 25. Bxe7
Rxf2+ 26. Kg1 cxb6 27. Re1 Rf7 28. Rxe4 Rxe7 $15) 23. Bxe7 (23. Rhc1 Qd7 24.
Bxe7 Nxe7 $11) 23... Nxe7 24. Rhc1 Qd5 25. Rxc7 Nf5 $15) ({II} 18... bxc5 $5
19. Bxb4 Qa6+ 20. Qe2 Qxe2+ 21. Kxe2 cxb4 22. Rhc1 Rfc8 $17) 19. cxb6 axb6 20.
Kg2 Ra5 $5 ({I} 20... Nc2 $4 21. Bxe7 Nxa1 22. Nf6+ $1 Kh8 (22... gxf6 23. Qg4+
Kh8 24. Bxf6#) 23. Qe4 Qc2 24. Bxf8 $18 {und Weiß behält eine Figur mehr}) ({II
} 20... Qb5 $5 21. Nf6+ (21. Bxb4 $4 Rxa1 (21... Qxb4 $4 22. Rxa8 Rxa8 23. Nf6+
gxf6 24. Qxa8+ Kg7 25. Rd1 $16) 22. Bxe7 Rxh1 23. Kxh1 Qf1#) 21... Bxf6 22.
exf6 g6 23. Rhb1 (23. d5 Rxa3 (23... Nxd5 24. Bxf8 Rxf8) 24. Rxa3 Nxd5 $17) (
23. Qf4 Qd5+ 24. f3 g5 $17) 23... c5 24. dxc5 bxc5 25. Qe3 Qc6+ 26. f3 e5 $17)
21. Rhc1 ({I} 21. d5 $2 exd5 22. Nf6+ Bxf6 (22... gxf6 $2 23. exf6 Bxf6 24.
Qxf6 $40) 23. exf6 c5 24. fxg7 Re8 $1 25. Bxb4 Qxb4 26. Qxd5 (26. Rxa5 Qxa5 27.
Qxd5 Qa8 $19) 26... Rxa1 27. Rxa1 Qe4+ 28. Qxe4 Rxe4 $19) ({II} 21. Rhb1 Qb5
$17 22. Nf6+ Kh8) ({III} 21. Nf6+ Bxf6 22. exf6 Re8 $17 ({oder auch} 22... Rf5)
(22... Rc8)) 21... Qd7 22. Nf6+ {ein letzter verzweifelter Versuch} (22. Bxb4
Bxb4 23. Rxa5 bxa5 $17 {/-+ Black is much better, but White has still some
chances to survive.}) 22... Bxf6 ({Strenger war} 22... gxf6 $1 23. exf6 Bxf6
24. Qxf6 Rf5 (24... Rfa8) 25. Qh4 Qd5+ 26. Kg1 Nd3 {und vermutlich -+.}) 23.
exf6 $2 ({Zäher war zweifelsohne} 23. Bxb4 Rxa1 24. Rxa1 Be7 25. Bxe7 Qxe7 26.
Qc6 $17) 23... Rfa8 $1 $19 24. Kg1 ({Ebenso verlieren beispielsweise: I} 24.
Qg4 g6 25. Qf4 Nd5 26. Qf3 b5 $19) ({II} 24. Bb2 Rxa1 25. Bxa1 Qd5 26. Rxc7
Qxf3+ 27. Kxf3 gxf6 28. Bb2 Nd5 $19) 24... Nd5 {Der Springer kehrt auf sein
ideales Blockadefeld zurück, und der Rest ist Sache der Technik.} 25. fxg7 b5
26. h4 b4 27. Bb2 Rxa1 28. Bxa1 Kxg7 29. Bb2 Qe7 30. Re1 Qf6 {The only hope
for White was my little time trouble.} 31. Qb3 Qg6 32. Kh2 Ra6 33. Qc4 Rb6 34.
Re5 h6 35. h5 Qf6 36. Kg2 b3 37. Qd3 Qd8 38. Qf3 f5 39. Kh2 Qg5 40. Rxd5 ({
Beseitigt frustriert den nervigen Rappen, was freilich keine Lösung ist ebenso
wie} 40. Qe2 Kf7 41. Kg1 Qg4 42. Qc4 Qd1+ 43. Kg2 Qc2 $19) 40... exd5 41. Qxd5
Qxh5+ 42. Kg1 Qf7 43. Qe5+ Kg6 44. g4 Re6 {Most simple.} 45. Qg3 fxg4 46. Qxg4+
Kh7 47. Kf1 Rg6 48. Qe4 Qc4+ 49. Ke1 Qe6 0-1

[Event "Gibraltar Masters 10th"]
[Site "Caleta"]
[Date "2012.01.27"]
[Round "4"]
[White "Fier, Alexandr"]
[Black "Dzagnidze, Nana"]
[Result "0-1"]
[WhiteElo "2603"]
[BlackElo "2535"]
[Annotator "Mikhalchishin,A"]
[PlyCount "48"]
[EventDate "2012.01.24"]
[EventType "swiss"]
[EventRounds "10"]
[EventCountry "GGB"]
[SourceTitle "CBM 147"]
[Source "ChessBase"]
[SourceDate "2012.03.16"]
[SourceVersion "1"]
[SourceVersionDate "2012.03.16"]
[SourceQuality "1"]

1. d4 Nf6 2. c4 e6 3. Nf3 b6 4. g3 Ba6 5. b3 d5 6. Bg2 {The main line.} ({
A calmer alternative is} 6. cxd5 exd5 7. Bg2 Bb4+ 8. Bd2 Bd6 9. O-O Nbd7 10.
Nc3 O-O 11. Bf4 (11. Re1 $5 c5 12. Be3 Bb7 13. Nh4 $14) 11... Qe7 (11... Bxf4
12. gxf4 Qe7 13. Re1 c6 14. Ne5 $14) 12. Rc1 (12. Qc2 $142 Rac8 13. Rfd1 $14)
12... Rfe8 13. Bxd6 (13. Re1 $6 Bb4 14. Bxc7 $2 Rac8) 13... Qxd6 (13... cxd6 $6
14. Re1 Rac8 15. Ng5 $5 {/\ Nh3-f4 ><d5}) 14. Qc2 Rac8 15. Rfd1 $6 (15. Bh3
$142 c5 16. Rfd1 $14) 15... Ne4 $1 $146 (15... Re7) 16. e3 (16. Nxe4 dxe4 17.
Ng5 f5 18. d5 Nf8 19. h4 h6 20. Nh3 e3 $13) 16... f5 17. Bf1 (17. Ne5 $5 Nxc3
18. Qxc3 Nxe5 19. dxe5 Rxe5 20. f4 $36) 17... Bxf1 18. Kxf1 (18. Rxf1 $142 $1 {
/\ Ne2}) 18... c6 19. Kg2 Qh6 20. Qd3 (20. Ne2 $2 Nxf2 $1 21. Kxf2 Qxe3+ $19) (
20. b4 $5 {/\ b5}) 20... Ndf6 21. Rf1 $1 (21. h3 $2 Nxf2 $1 22. Kxf2 Qxh3 $36)
21... Ng4 22. Nd1 $1 Re6 (22... Qd6 23. Ng1 $1 {/\ Ne2, f3}) 23. h3 (23. b4 $5)
23... Ngf6 (23... Nexf2 24. Rxf2 Nxf2 25. Nxf2 Rxe3 26. Qc2 c5 27. Re1 Rxe1 28.
Nxe1 Qe6 29. Nf3 $14) 24. Ne5 {Mikhalchishin,A-Almasi,Z/Bled (ol) 2002; with a
slightly better position for White.}) 6... dxc4 7. Ne5 Bb4+ 8. Kf1 c6 $5 {
Not the most modern move, but in modern chess it is possible and fashionable
to prepare well forgotten lines.} ({Lately} 8... Bd6 {has been the usual
choice.} 9. Nxc4 Nd5 10. e4 Ne7 11. Bb2 Nbc6 12. Nbd2 O-O (12... e5 $146) 13.
Kg1 b5 14. Nxd6 $146 (14. Ne3 f5 $13 (14... e5 $5 15. d5 Nd4 16. Nf3 c5 17.
dxc6 Ndxc6 $13)) 14... cxd6 15. h4 Qb6 16. h5 $5 h6 $6 (16... Nxd4 $1 17. h6 g6
18. Nf3 (18. Nc4 Ne2+ 19. Qxe2 bxc4 20. Bf6 Nc6 21. Qd2 $13 (21. bxc4 Nd4 22.
Qd2 e5 $15)) 18... Nxf3+ 19. Qxf3 f5 $1 (19... f6 20. Bxf6 e5 21. g4 $16) 20.
exf5 Nxf5 21. Qc3 e5 22. Bd5+ Kh8 23. Bxa8 Rxa8 $13) 17. d5 {Kasparov,
G-Gelfand,B/Novgorod 1997; with advantage.}) 9. Nxc6 $5 {This variation is
somewhat risky for White because Black gains a lot of activity with attacking
chances for the exchange. Instead, both captures on c4 have also been tried.} (
9. Nxc4 $5 O-O 10. Bb2 Qc7 11. Nbd2 Nbd7 12. Rc1 (12. Ne4 $5 Be7 $1 13. Qc2
Rad8 (13... Rac8 $142) 14. Rc1 Bb7 (14... c5 $2 15. dxc5 $14) 15. Nxf6+ Bxf6 (
15... Nxf6 16. Ne5 c5 17. dxc5 Bxc5 18. Nd3 Bxg2+ 19. Kxg2 Qb7+ 20. f3 Be3 (
20... Ng4 $2 21. Nxc5 bxc5 22. Qc3 $16) 21. Qc7 Qa6 22. Rc4 Rc8 23. Qe5 $36)
16. Nd2 $1 c5 17. Ne4 Be7 18. dxc5 bxc5 19. Qc3 Nf6 (19... f6 20. Ng5 $1 $16)
20. Bf3 $14 {1-0 Epishin,V-Beliavsky,A/Novosibirsk 1993 (53)}) 12... Rac8 13.
Bf3 (13. a3 Be7 14. Bf3 Rfd8 15. Kg2 $13) 13... Rfd8 14. Kg2 (14. a3 Bxd2 15.
Qxd2 Bxc4 16. bxc4 Ne5 17. Bg2 c5 18. d5 $13) 14... c5 15. a3 (15. Nb1 $5 b5 $1
(15... Bxc4 16. Rxc4 Ne5 17. Rc2 Nxf3 18. exf3 e5 19. a3 Ba5 20. b4 Bxb4 21.
axb4 exd4 $13) 16. a3 (16. Ne3 Qb8 $1 $17) 16... bxc4 17. axb4 cxb4 18. bxc4
Bxc4 $17) 15... Bxd2 16. Qxd2 $2 (16. Nxd2 {>=} Qd6 $1 17. e3 (17. dxc5 $6 Nxc5
18. Bxf6 gxf6 19. Ne4 Qe7 $1 $17) 17... cxd4 18. exd4 $13) 16... Bxc4 $1 17.
bxc4 (17. Rxc4 Ne5 18. Rc2 Nxf3 19. exf3 e5 $1 $17) 17... Ne5 18. d5 $8 exd5
19. Bxe5 (19. Bxd5 Nxc4 $19) 19... Qxe5 20. cxd5 Rd7 $15 {1/2-1/2
Rajkovic-Beliavsky,A/Jugoslavija 1993}) (9. bxc4 O-O (9... Bb7 10. Bb2 O-O 11.
Nd2 Qc7 12. Nd3 Bxd2 13. Qxd2 Nbd7 14. e4 c5 15. d5 exd5 16. cxd5 Rfe8 17. Re1
c4 18. Nf4 Rac8 19. Bc3 Rcd8 20. g4 Ne5 21. g5 Nfd7 22. Nh5 {Naumkin,I-Vuelban,
V/Torino 2008; with very unclear play.}) 10. Bb2 Bd6 (10... Qc7 11. Qc2 $6 Rd8
12. Nd3 Ba5 13. Na3 Nbd7 14. Bf3 Rac8 15. e4 c5 16. e5 cxd4 $6 (16... Ne8 $17)
17. exf6 Nxf6 18. Qe2 $1 Bxc4 19. Nxc4 Qxc4 20. Kg2 $14 Bc3 21. Rhd1 Nd7 22.
Rab1 (22. a4 $5) 22... a5 23. Nf4 $5 $138 Qxa2 24. Bxc3 Qxe2 25. Nxe2 dxc3 26.
Rbc1 c2 27. Rd2 Kf8 28. Rcxc2 $14 {1/2-1/2 Kurajica,B-Karpov,A/Bugojno 517 1980
}) 11. Nd2 Qc7 12. Qc2 Bb7 13. Nd3 c5 14. dxc5 Bxg2+ 15. Kxg2 Bxc5 16. Bxf6
gxf6 17. Nxc5 Qxc5 18. Rhd1 Nc6 19. Ne4 Qf5 20. f3 Rfd8 21. Qc3 e5 22. Rd5 Nd4
23. Qxd4 {1-0 Bykhovsky,A-Gofshtein,L/Tel Aviv 1995}) 9... Nxc6 10. Bxc6+ Ke7
11. Bxa8 ({A very interesting try is} 11. a3 $1 Bc5 12. Bb2 Rc8 13. Bf3 Qd7 $1
14. Kg2 Rhd8 15. e3 Bd6 16. bxc4 Bxc4 $6 (16... Rxc4 $142) 17. e4 Bb8 18. a4 $1
Kf8 $8 19. Na3 Ba6 20. Qb3 Kg8 21. Rhe1 {Kouatly,B-Saeed,S/Sharjan 1981; with
a better central position.}) 11... Qxa8 12. f3 Rd8 {This position has been
known to theory for three decades, but it has almost never occurred in
practice. Different specialists evaluated it differently - from white avantage
to black advantage. Such exchange sacrifices in g3 structures became very
popular, we can remember one of the games in the Anand-Topalov match.} 13. Ba3
({There are few other logical ways here:} 13. bxc4 Bxc4 14. Kf2 e5 15. Ba3 Bxa3
16. Nxa3 Rxd4 17. Qc2 Qd5 18. Rhd1 $16) (13. Kg2 Qc6 14. Ba3 Bxa3 15. Nxa3 c3
16. Rc1) 13... Bxa3 14. Nxa3 c3 $1 {Ther must be something serious for Black,
and it could be the passed pawn.} 15. Kf2 e5 16. Nc2 ({The tactical try} 16.
Qc1 {was better:} exd4 17. Nc2 Bxe2 18. Nxd4 Rxd4 19. Qxc3) 16... exd4 ({
It was better to solve the problem of the king in the centre:} 16... Kf8 $5)
17. Nxd4 (17. Qc1 {was still possible}) 17... Ne4+ $1 {Black's best chance.}
18. fxe4 Qxe4 19. e3 $6 {A serious inaccuracy - it was better to forget about
the knight.} ({The correct way in such situations is to try to an exchange of
queens after} 19. Qc1 $5 {followed by Qe3.}) ({Engines offer} 19. Rc1 Rxd4 20.
Qc2) 19... Rd6 $1 {All the black pieces are in the attack. White has only one
defence.} 20. g4 g6 $5 ({Black could have forced a draw with} 20... Rf6+ 21.
Nf5+ Rxf5+ 22. gxf5 Qh4+ 23. Kf3 ({or} 23. Kg1 Qg5+) 23... Bb7+ 24. Ke2 Ba6+ {
but she rightly plays for a win.}) ({Such moves as some annotators offered} 
20... Bc8 $5 {are not logical and considered just by engines. NOT A HUMAN MOVE!
}) 21. Rg1 $4 {A blunder.} ({The only way was} 21. Qf3 $1 Rf6 22. Nf5+ gxf5 23.
g5 {with chances to hold in a slightly worse for White position. After the
text he just collapses} Rd6 24. Qxe4+ fxe4 25. Rhd1 Bd3 26. Rac1 c2 {and both
sides dreams about a draw!}) 21... Rf6+ 22. Kg3 Qxe3+ 23. Nf3 Be2 $19 24. Qc1
Rxf3+ 0-1